000 00823nam a22002055i 4500
001 171586
003 ES-MaACL
005 20250718063340.0
008 090521s1878 sp |||| | spa d
110 2 _9134324
_aCírculo de la Unión Mercantil (Madrid)
_eisb
245 1 0 _aTablas de valoraciones para 1877, presentadas en la Dirección de Aduanas.
260 _aMadrid :
_b[s.n.],
_c1878
_f(Imp. y Fundición de M. Tello)
300 _a91 páginas ;
_c19 cm.
500 _aPrecede al tít.: Círculo de la Unión Mercantil
650 4 _99930
_aAranceles de aduanas-
_zEspaña-
_yS.XIX
852 _aES-MaACL
_cDEPOF
_gDedicatoria manuscrita de Rafael Alvarez Sereix
_hDonativo de Rafael Álvarez Sereix
_jT-368-F-2
942 _2udc
_cFOLLETOS
_n0
999 _c171586
_d171586